Απόκριση παρακτίου θαλασσίου οικοσυστήματος στην φόρτιση θρεπτικών από την χέρσο : ορισμός τιμών κατωφλίου : διατριβή εξειδίκευσης
Αποθηκεύτηκε σε:
| Κύριος συγγραφέας: | |
|---|---|
| Συγγραφή απο Οργανισμό/Αρχή: | |
| Μορφή: | Thesis Βιβλίο |
| Γλώσσα: | Greek |
| Δημοσίευση: |
2007.
|
| Θέματα: | |
| Διαθέσιμο Online: | http://hdl.handle.net/11610/11589 |
| Ετικέτες: |
Προσθήκη ετικέτας
Δεν υπάρχουν, Καταχωρήστε ετικέτα πρώτοι!
|
MARC
| LEADER | 00000cam a2200000 i 4500 | ||
|---|---|---|---|
| 001 | 1/1249 | ||
| 008 | 090903s2007 gr | ||| |||| ||gre|| | ||
| 035 | |l 10105528 | ||
| 040 | |a GR-MyUa |b gre |e AACR2 | ||
| 041 | 0 | |a gre | |
| 082 | 7 | |a 577.63158 |2 (22) | |
| 100 | 1 | |a Σαμπατακάκη, Αγγελική. | |
| 245 | 1 | 0 | |a Απόκριση παρακτίου θαλασσίου οικοσυστήματος στην φόρτιση θρεπτικών από την χέρσο : |b ορισμός τιμών κατωφλίου : διατριβή εξειδίκευσης / |c Αγγελική Σαμπατακάκη ; επιβλέπων: Γ. Τσιρτσής. |
| 260 | |c 2007. | ||
| 300 | |a 46 σ. ; |c 30 εκ. | ||
| 502 | |a Διατριβή (μεταπτυχιακή) – Πανεπιστήμιο Αιγαίου, Λέσβος, 2007. | ||
| 504 | |a Βιβλιογραφία: σ. 38-39. | ||
| 650 | 0 | 0 | |a Marine eutrophication |x Mathematical models. |
| 650 | 0 | 0 | |a Marine eutrophication |x Measurement. |
| 650 | 0 | 0 | |a Marine sediments |z Greece |z Yera. |
| 650 | 0 | 0 | |a Marine eutrophication |z Greece |z Yera. |
| 650 | 0 | 0 | |a Chemical oceanography |z Greece |z Yera. |
| 650 | 0 | 0 | |a Dissertations, Academic |z Greece. |
| 700 | 1 | |a Τσιρτσής, Γεώργιος Ε. |e dgs | |
| 710 | 2 | |a Πανεπιστήμιο Αιγαίου |b Σχολή Περιβάλλοντος |b Τμήμα Επιστημών της Θάλασσας |b Πρόγραμμα Μεταπτυχιακών Σπουδών Διαχείριση Παράκτιων Περιοχών. | |
| 852 | |a INST |b LESVOS |c DIATR |e 20090903 |h 115 |p 005100046697 |q 005100046697 |t MTXE |y 23 | ||
| 852 | |a INST |b LESVOS |c DIATR |e 20090903 |h 116 |p 005100046698 |q 005100046698 |t MTXE |y 23 | ||
| 856 | |u http://hdl.handle.net/11610/11589 | ||
| 901 | |a BIBL1-2009-3 | ||
| 924 | |a Σαμπατακάκη |b Αγγελική |y Λέσβος |z 2007-11 | ||
| 970 | |a ΤΖΑΦΕΡΗ |b ΕΥΑΓΓΕΛΙΑ |z 2009/09/03 | ||